header

No place for fairness (Record no. 191429)

MARC details
000 -LEADER
fixed length control field 01621nam a2200397Ia 4500
082 04 - DEWEY DECIMAL CLASSIFICATION NUMBER
Classification number 346.71304/3208997
100 1# - MAIN ENTRY--AUTHOR NAME
Personal name McNab, David,
245 10 - TITLE STATEMENT
Title No place for fairness
260 ## - PUBLICATION, DISTRIBUTION, ETC. (IMPRINT)
Place of publication Montreal ;
-- Ithaca :
Name of publisher McGill-Queen's University Press,
Year of publication c2009.
300 ## - PHYSICAL DESCRIPTION
Number of Pages x, 238 p.
490 1# - SERIES STATEMENT
Series statement McGill-Queen's Native and northern series ;
650 #0 - SUBJECT ADDED ENTRY--TOPICAL TERM
Topical Term Indigenous peoples
Topical Term Indigenous peoples
Topical Term Indigenous peoples
Topical Term Indian land transfers
856 40 - ELECTRONIC LOCATION AND ACCESS
Uniform Resource Identifier http://site.ebrary.com/lib/rucke/Doc?id=10559002

No items available.

© 2026 Rongo University
Contact us: librarian | system librarian | Rongo university